00836nac a22002417a 4500001001000000003000900010005001700019008003400036040005400070072000800124110009300132245009900225260004200324300001000366490009300376500001400469650003000483650002200513650001800535650001200553650001200565650001700577BR8402091BR-BrBNA20240105120001.0230509b bl.|||m| |||| 00| 0 por d aBR-BrBNAbporcBiblioteca Nacional de Agricultura aE151 aCooperativa Central dos Produtores Rurais de Minas Gerais Ltda., Belo Horizonte (Brasil)1 aRelatorio anual 1983 [Cooperativa Central dos Produtores Rurais de Minas Gerais Ltda., Brasil]3 aBelo Horizonte, MG (Brasil): c1984.  a21 p. aRelatorio - Cooperativa Central dos Produtores Rurais de Minas Gerais Ltda. (Brazil)vx a10 tables aCOOPERATIVA DE PRODUTORES aRECURSO ECONOMICO aFINANCIAMENTO aRECEITA aDESPESA aMINAS GERAIS